Tower crane incidents worldwide (Record no. 111200)

MARC details
000 -LEADER
fixed length control field 01045cad a22002175a 4500
001 - CONTROL NUMBER
control field L151156
008 - FIXED-LENGTH DATA ELEMENTS--GENERAL INFORMATION
fixed length control field 101004s2010 xxk f 000 0 eng d
035 ## - SYSTEM CONTROL NUMBER
System control number (Sirsi) u151156
041 0# - LANGUAGE CODE
Language code of text/sound track or separate title eng
100 1# - MAIN ENTRY--PERSONAL NAME
Personal name Isherwood, Richard
110 2# - MAIN ENTRY--CORPORATE NAME
Corporate name or jurisdiction name as entry element Great Britain
Subordinate unit Health and Safety Executive
245 00 - TITLE STATEMENT
Title Tower crane incidents worldwide
Medium [electronic resource]
260 ## - PUBLICATION, DISTRIBUTION, ETC.
Place of publication, distribution, etc. Norwich
Name of publisher, distributor, etc. HSE
Date of publication, distribution, etc. 2010
490 #0 - SERIES STATEMENT
Series statement Research Report RR820
520 ## - SUMMARY, ETC.
Summary, etc. The Health and Safety Laboratory of the HSE identified tower crane incidents that had taken place around the world between 1989 to 2009 and obtain, where possible, the causes of each incident and the tower crane involved; the underlying focus of this research was to use the information obtained to assist in advising and guiding the UK tower crane industry to help improve safety.
590 ## - LOCAL NOTE (RLIN)
Local note KA NTK
651 #4 - SUBJECT ADDED ENTRY--GEOGRAPHIC NAME
Geographic name International
690 ## - LOCAL SUBJECT ADDED ENTRY--TOPICAL TERM (OCLC, RLIN)
Topical term or geographic name as entry element Health and safety
9 (RLIN) 6244
856 48 - ELECTRONIC LOCATION AND ACCESS
Uniform Resource Identifier <a href="https://www.hse.gov.uk/research/rrpdf/rr820.pdf">https://www.hse.gov.uk/research/rrpdf/rr820.pdf</a>
Public note View the website free of charge at www.hse.gov.uk
942 ## - ADDED ENTRY ELEMENTS (KOHA)
Suppress in OPAC 0
Holdings
Withdrawn status Lost status Source of classification or shelving scheme Damaged status Not for loan Home library Current library Shelving location Date acquired Total Checkouts Full call number Barcode Date last seen Copy number Price effective from Koha item type
    Dewey Decimal Classification     Virtual Virtual Online 04/10/2010   ONLINE PUBLICATION 151156-2001 06/08/2019 1 06/08/2019 Book